Mensaje inaugural del señor Presidente de la República, Lic. don Teodoro Picado M, presentado al Congreso Constitucional el 8 de mayo de 1944

Guardat en:
Dades bibliogràfiques
Autor principal: Picado M., Teodoro
Format: Text
Publicat: San José :
Etiquetes: Afegir etiqueta
Sense etiquetes, Sigues el primer a etiquetar aquest registre!

MARC

LEADER 00000 a a2200000 04500
001 17025
003
040
090 |a 008200  
100 |a Picado M., Teodoro  
245 |a Mensaje inaugural del señor Presidente de la República, Lic. don Teodoro Picado M, presentado al Congreso Constitucional el 8 de mayo de 1944  
260 |a San José :  
300 |a 14 p.  
999 |c 17182  |d 17182